Small Business Management
Enregistré dans:
| Auteur principal: | |
|---|---|
| Autres auteurs: | |
| Format: | Livre |
| Langue: | anglais |
| Publié: |
Albany
Delmar Publ.
1988
|
| Édition: | 4. ed. |
| Sujets: | |
| Tags: |
Pas de tags, Soyez le premier à ajouter un tag!
|
MARC
| LEADER | 00000nam a2200000 4500 | ||
|---|---|---|---|
| 001 | c019691 | ||
| 005 | 20221206134907.1 | ||
| 020 | |a 0-8273-3128-2 | ||
| 041 | 0 | |a eng | |
| 044 | |a US | ||
| 245 | 1 | 0 | |a Small Business Management |c Raymond T. Hubbard, William D. Hailes |
| 250 | |a 4. ed. | ||
| 264 | 1 | |a Albany |b Delmar Publ. |c 1988 | |
| 300 | |a 394 s. | ||
| 610 | 2 | 0 | |a podnikanie drobné |
| 610 | 2 | 0 | |a riadenie podnikové |
| 610 | 2 | 0 | |a organizácia podniku |
| 610 | 2 | 0 | |a plánovanie |
| 610 | 2 | 0 | |a plánovanie podnikové |
| 610 | 2 | 0 | |a plánovanie strategické |
| 610 | 2 | 0 | |a manažment finančný |
| 610 | 2 | 0 | |a marketing |
| 610 | 2 | 0 | |a manažéri |
| 100 | 1 | |a Hubbard, Raymond T. | |
| 700 | 1 | |a Hailes, William D. | |